| 000 | 00587nam a2200217Ia 4500 | ||
|---|---|---|---|
| 005 | 20251121155233.0 | ||
| 008 | 230125s9999 xx 000 0 und d | ||
| 020 | _a9788179928363 | ||
| 041 | _aeng | ||
| 082 |
_a158.1 _bSIM |
||
| 100 |
_aSimon D _9215341 |
||
| 245 |
_aThe 10 Commitments _bTranslating good Intentions into Great Choices |
||
| 250 | _aEd.1st | ||
| 260 |
_c2012 _bJaico Publishing House _aMumbai |
||
| 300 | _a198p | ||
| 500 | _aPersonality Development | ||
| 650 |
_aPersonality Development _9213420 |
||
| 700 |
_aSimon D _9215341 |
||
| 906 | _b91.45 | ||
| 942 | _cBK | ||
| 999 |
_c94769 _d94769 |
||